El mirador de próspero (Registro nro. 74921)

Detalles MARC
000 -ENCABEZADO
Número de control [NR] 00689nam a2200205Ia 4500
008 - DE LONGITUD FIJA DE DATOS DE ELEMENTOS - INFORMACIÓN GENERAL
Elementos de longitud fija [NR] 130821s1920 sp gr spa
040 ## - FUENTE DE CATALOGACION [NR]
Agencia de catalogación original [NR] Co-BoUCM
Idioma de catalogación [NR] spa
041 00 - CODIGO DE IDIOMA [R]
Código de idioma para texto/pista de sonido o título separado [R] Español
100 1# - ASIENTO PRINCIPAL--NOMBRE PERSONAL [NR]
Nombre personal [NR] Rodó, José Enrique
Fechas asociadas con el nombre [NR] 1871-1917
ID Autoridad 114007
245 13 - MENCION DE TITULO [NR]
Título [NR] El mirador de próspero
Mención de responsabilidad, etc. [NR] José Enrique Rodó
260 ## - PUBLICACION, DISTRIBUCION, ETC. (PIE DE IMPRENTA) [R]
Lugar de publicación, distribución, etc. [R] Madrid (España)
Nombre del editor, distribuidor, etc. [R] Editorial América
Fecha de publicación, distribución, etc. [R] 1920
300 ## - DESCRIPCION FISICA [R]
Extensión [R] 250 páginas (v. 2)
490 #0 - MENCION DE SERIE [R]
Mención de serie [R] Biblioteca Andrés Bello
500 ## - NOTA GENERAL [R]
Nota general [NR] Incluye índice.
650 ## - ASIENTO SECUNDARIO DE MATERIA - TERMINO TEMATICO [R]
Término temático o nombre geográfico como elemento de entrada [NR] Ensayos latinoamericanos
9 (RLIN) 14571
650 ## - ASIENTO SECUNDARIO DE MATERIA - TERMINO TEMATICO [R]
Término temático o nombre geográfico como elemento de entrada [NR] Literatura latinoamericana
9 (RLIN) 18700
650 ## - ASIENTO SECUNDARIO DE MATERIA - TERMINO TEMATICO [R]
Término temático o nombre geográfico como elemento de entrada [NR] Literatura uruguaya
9 (RLIN) 18753
942 ## - ELEMENTOS DE ENTRADA AGREGADOS (KOHA)
Tipo de ítem principal el descrito en 300a Libro
Tema principal Literatura
Edición 1
Prefijo de la signatura top. (colección) Literatura - Uruguay
Parte restante de la signatura top. R695m
Sistema de clasificación DEWEY
Clasificación 860.62
Existencias
Fecha de último préstamo Signatura topográfica Código de barras Última vez visto Ejemplar Price effective from Tipo de ítem Perdido Sistema de clasificación Dañado No prestable Tipo de ítem específico Suprimido Ubicación habitual Ubicación actual Localización Fecha de creación Forma de adquisición Costo
18/08/2011 U 860.62 R695m 100117352 09/12/2025 Ej.1 03/02/2013 Libro   DEWEY     Libro   Claustro Claustro 2do piso 30/09/2011 Donación 26000.00